مكتبة جامعة عجلون الوطنية

فهرس بحث المكتبة

Normal view MARC view
  • الرياضيات - مناهج واساليب تدريس

Entry Topical Term

Number of records used in: 1

001 - CONTROL NUMBER

  • control field: 57666

003 - CONTROL NUMBER IDENTIFIER

  • control field: JO-AjAnu

005 - DATE AND TIME OF LATEST TRANSACTION

  • control field: 20230606083436.0

008 - FIXED-LENGTH DATA ELEMENTS

  • fixed length control field: 230606|| aca||aabn | a|a d

040 ## - CATALOGING SOURCE

  • Original cataloging agency: JO-AjAnu
  • Transcribing agency: JO-AjAnu

150 ## - HEADING--TOPICAL TERM

  • Topical term or geographic name entry element: الرياضيات - مناهج واساليب تدريس

670 ## - SOURCE DATA FOUND

  • Source citation: Work cat.: (JO-AjAnu)29423: اعداد محمد، رائدة محمد رشيد؛ اشراف خالد محمد ابو لوم, author 57665, اثر معتقدات معلمي الرياضيات نحو حل المسالة الرياضية على الاستراتيجيات التي يستخدمها طلبة الصف السايع في حلهم للمسالة الجبرية